Statistics for Easter Quiz

Click here to take the quiz!

General Stats

  • This quiz has been taken 12 times
  • The average score is 2 of 10

Answer Stats

QuestionsAnswer% Correct
Easter always takes place on a ______SUNDAY
100%
What comes to gives us eggs on EasterEASTER BUNNY
75%
When is EasterApril 4th
17%
One of the most popular Easter Candies arePEEPS
17%
Eggs are dyed to represent theBlood Of Jesus
0%
Easter takes place after the _______Full Moon Date
0%
Easter clothes used to be considered------Good Luck
0%
At many churches on Easter they have plays that show-----the Resurrections of Jesus
0%
Why is Easter celebratedWe remember that Jesus rose from the Dead
0%
Easter colors are ----------------White , Pink, Violet , Green , Red
0%

Score Distribution

Percentile by Number Answered

Percent of People with Each Score

Your Score History

You have not taken this quiz